000 01508nam0a22002771 4500
001 rc\4533578
005 20250611192018.0
035 _a(NLR Aleph) 008357228
090 _a8975192
_c8975192
100 _a20130416g19681969|||y0rusy50 ca
101 0 _arus
102 _aRU
105 _aa z |||||
200 1 _aСтенд для экспериментального исследования контактной и изгибной прочности конических зубчатых передач
_f[Объединение по руководству науч.-техн. информацией и пропагандой в РСФСР при Гос. ком. Совета Министров СССР по науке и технике. Гос. науч.-исслед. ин-т науч. и техн. информации] "ГосИНТИ"
210 _aМосква
_cБ. и.
_d1968 [вып. дан. 1969]
215 _a9 с.
_cчерт.
225 1 _aПередовой научно-технический и производственный опыт
_v№ 14-68-1350/187
300 _aАвт. указаны на 1-й с.: канд. техн. наук Г.Д. Коваленко, В.И. Дементьев, Н.Я. Сюткин
700 1 _aКоваленко
_bГ.Д.
_gГеоргий Дмитриевич
701 1 _aДементьев
_bВ.И.
701 1 _aСюткин
_bН.Я.
801 0 _aRU
_bNLR
_gpsbo
801 1 _aRU
_bELAR
_2rusmarc
852 _aNLR
_jП11/2295
942 _cBOOK
980 _aNB